LEADER 03811oam 22007574a 450 001 9910480379903321 005 20170109123213.0 010 $a1-5261-1526-3 010 $a1-5261-0104-1 035 $a(CKB)3710000000985565 035 $a(MiAaPQ)EBC4773370 035 $a(StDuBDS)EDZ0001606288 035 $a(OCoLC)1090481285 035 $a(MdBmJHUP)muse78075 035 $a(OCoLC)962073538 035 $a(EXLCZ)993710000000985565 100 $a20160815d2016 uy 0 101 0 $aeng 135 $aurcnu|||||||| 181 $2rdacontent 182 $2rdamedia 183 $2rdacarrier 200 10$aAfter '89$ePolish theatre and the political /$fBryce Lease 210 1$aManchester :$cManchester University Press,$d2016. 210 3$aBaltimore, Md. :$cProject MUSE, $d2020 210 4$d©2016. 215 $a1 online resource (242 pages) $cillustrations 225 0 $aTheatre : theory, practice, performance 300 $aIntroduction: really existing democracy 1. The move to neoliberalism 2. No more heroes 3. Beyond a Teatr Kobiecy 4. Gay emancipation and queer counterpublics 5. Rethinking Polish/Jewish relations 6. Equivalencies of exclusion Index.$5CaQQUQ 311 $a1-5261-3954-5 311 $a1-78499-295-X 320 $aIncludes bibliographical references and index. 327 $a4 Gay emancipation and queer counterpublicsProducing counterpublics; Challenging politics; Future potentials; Notes; 5 Rethinking Polish/Jewish relations; Memory and repetition; Who is our class?; Collusion and guilt; Dybbuks; Postmemory; Polin/Polonia; Notes; 6 Equivalencies of exclusion; In Desert and Wilderness; Phallic divestiture; Trans-European migration; Notes; Conclusion; Notes; Bibliography; Index. 327 $aCover; Half-title; Series information; Title page; Copyright information; Table of contents; List of figures; Acknowledgements; Note on the text; Introduction: really existing democracy; Political names; Transformations of the political; Defining the political theatre; Overview; Notes; 1 The move to neoliberalism; Shock therapy; Corporeal readings; Teatr na lewo; Notes; 2 No more heroes; Eschewing patriotism; Contesting Romanticism; Solidarity in dispute; Notes; 3 Beyond a teatr kobiecy; Difficult optimism; Gendered subjects; Beyond the nuclear; Notes. 330 $aThis book provides an exceptional introduction to Polish theatre since the fall of communism, exploring how theatre goes beyond norms and nationalistic concepts to intersect with politics, feminism, queer identities, the rise in anti-Semitism, ethnicities and history. 410 0$aTheatre (Manchester, England) 606 $aTheater$xPolitical aspects$2fast$3(OCoLC)fst01149276 606 $aTheater$2fast$3(OCoLC)fst01149217 606 $aThe?a?tre$xAspect politique$zPologne 606 $aTheater$xPolitical aspects$zPoland 606 $aThe?a?tre$zPologne$xHistoire$y21e sie?cle 606 $aTheater$zPoland$xHistory$y21st century 606 $aThe?a?tre$zPologne$xHistoire$y20e sie?cle 606 $aTheater$zPoland$xHistory$y20th century 607 $aPoland$2fast 608 $aHistory. 608 $aRessources Internet. 608 $aElectronic books. 615 0$aTheater$xPolitical aspects. 615 0$aTheater. 615 0$aThe?a?tre$xAspect politique 615 0$aTheater$xPolitical aspects 615 0$aThe?a?tre$xHistoire 615 0$aTheater$xHistory 615 0$aThe?a?tre$xHistoire 615 0$aTheater$xHistory 676 $a792.09438 700 $aLease$b Bryce$0957970 702 $aGale$b Maggie B. 702 $aDelgado$b Maria M. 801 0$bMdBmJHUP 801 1$bMdBmJHUP 906 $aBOOK 912 $a9910480379903321 996 $aAfter '89$92170284 997 $aUNINA LEADER 05307nam 2200649Ia 450 001 9910139567503321 005 20210621171305.0 010 $a1-118-46719-1 010 $a1-283-40539-3 010 $a9786613405395 010 $a1-119-99174-9 035 $a(CKB)2550000000059577 035 $a(EBL)700459 035 $a(OCoLC)756501425 035 $a(SSID)ssj0000643717 035 $a(PQKBManifestationID)11408313 035 $a(PQKBTitleCode)TC0000643717 035 $a(PQKBWorkID)10667876 035 $a(PQKB)11053616 035 $a(MiAaPQ)EBC700459 035 $a(EXLCZ)992550000000059577 100 $a20101015d2011 uy 0 101 0 $aeng 135 $aur|n|---||||| 181 $ctxt 182 $cc 183 $acr 200 10$aExpected returns$b[electronic resource] $ean investor's guide to harvesting market rewards /$fAntti Ilmanen 210 $aChichester, UK $cWiley$dc2011 215 $a1 online resource (594 p.) 225 1 $a[Wiley finance] 300 $aDescription based upon print version of record. 311 $a1-119-99072-6 320 $aIncludes bibliographical references and index. 327 $aExpected Returns; Contents; Foreword by Clifford Asness; Acknowledgments; Abbreviations and acronyms; PART I OVERVIEW, HISTORICAL RETURNS, AND ACADEMIC THEORIES; 1 Introduction; 1.1 Historical performance; 1.2 Financial and behavioral theories: A brief history of ideas; 1.3 Forward-looking indicators; 1.4 View-based expected returns; 1.5 General comments about the book; 1.6 Notes; 2 Whetting the appetite: Historical averages and forward-looking returns; 2.1 Historical performance since 1990; 2.2 Sample-specific results: Dealing with the pitfalls; 2.3 Forward-looking return indicators 327 $a2.4 Notes3 The historical record: The past 20 years in a longer perspective; 3.1 Stocks; 3.2 Bonds; 3.3 Real asset investing and active investing; 3.4 FX and money markets; 3.5 Real return histories; 3.6 Notes; 4 Road map to terminology; 4.1 Constant or time-varying expected returns?; 4.2 Rational or irrational expectations formation?; 4.3 Return measurement issues; 4.4 Returns in what currency?; 4.5 Risk-adjusted returns; 4.6 Biased returns; 4.7 Notes; 5 Rational theories on expected return determination; 5.1 The old world; 5.2 The new world 327 $a5.3 Detour: a brief survey of the efficient markets hypothesis5.4 Notes; 6 Behavioral finance; 6.1 Limits to arbitrage; 6.2 Psychology; 6.3 Applications; 6.4 Conclusion; 6.5 Notes; 7 Alternative interpretations for return predictability; 7.1 Risk premia or market inefficiency; 7.2 Data mining and other ''mirage'' explanations; 7.3 Notes; PART II A DOZEN CASE STUDIES; 8 Equity risk premium; 8.1 Introduction and terminology; 8.2 Theories and the equity premium puzzle; 8.3 Historical equity premium; 8.4 Forward-looking (ex ante objective) long-term expected return measures 327 $a8.5 Survey-based subjective expectations8.6 Tactical forecasting for market timing; 8.7 Notes; 9 Bond risk premium; 9.1 Introduction, terminology, and theories; 9.2 Historical average returns; 9.3 Alternative ex ante measures of the BRP; 9.4 Yield curve steepness: important predictive relations; 9.5 Explaining BRP behavior: first targets, then four drivers; 9.6 Tactical forecasting-duration timing; 9.7 Notes; 10 Credit risk premium; 10.1 Introduction, terminology, and theory; 10.2 Historical average excess returns; 10.3 Focus on front-end trading-a pocket of attractive reward to risk 327 $a10.4 Understanding credit spreads and their drivers10.5 Tactical forecasting of corporate bond outperformance; 10.6 Assessing other non-government debt; 10.7 Concluding remarks; 10.8 Notes; 11 Alternative asset premia; 11.1 Introduction to alternatives; 11.2 Real estate; 11.3 Commodities; 11.4 Hedge funds; 11.5 Private equity funds; 11.6 Notes; 12 Value-oriented equity selection; 12.1 Introduction to dynamic strategies; 12.2 Equity value: introduction and historical performance; 12.3 Tweaks including style timing; 12.4 The reasons value works 327 $a12.5 Does the value strategy work in equities beyond individual stocks election or in market or sector selection in other asset classes? 330 $aExpected Returns is a one-stop reference that gives investors a comprehensive toolkit for harvesting market rewards from a wide range of investments. Written by an experienced portfolio manager, scholar, strategist, investment advisor and hedge fund trader, this book challenges investors to broaden their minds from a too-narrow asset class perspective and excessive focus on historical performance. Coverage includes major asset classes (stocks, bonds, alternatives), investment strategies (value, carry, momentum, volatility) and the effects of underlying risk factors (growth, inflation, i 410 0$aWiley finance series. 606 $aInvestments 606 $aRate of return 608 $aElectronic books. 615 0$aInvestments. 615 0$aRate of return. 676 $a332.6 676 $a332.678 700 $aIlmanen$b Antti$f1961-$0857806 801 0$bMiAaPQ 801 1$bMiAaPQ 801 2$bMiAaPQ 906 $aBOOK 912 $a9910139567503321 996 $aExpected returns$91915377 997 $aUNINA LEADER 07852oam 2200505 450 001 9910830204103321 005 20231108230927.0 010 $a1-119-88568-X 010 $a1-119-88566-3 010 $a1-119-88567-1 035 $a(MiAaPQ)EBC7081837 035 $a(Au-PeEL)EBL7081837 035 $a(CKB)24815166700041 035 $a(EXLCZ)9924815166700041 100 $a20230211d2023 uy 0 101 0 $aeng 135 $aurcnu|||||||| 181 $ctxt$2rdacontent 182 $cc$2rdamedia 183 $acr$2rdacarrier 200 10$aComputer models of process dynamics $efrom Newton to energy fields /$fOlis Harold Rubin 210 1$aHoboken, N.J. :$cJohn Wiley & Sons, Incorporated,$d[2023] 210 4$d©2023 215 $a1 online resource (xiv, 302 pages) $cillustrations 311 08$aPrint version: Rubin, Olis Harold Computer Models of Process Dynamics Newark : John Wiley & Sons, Incorporated,c2022 9781119885658 320 $aIncludes bibliographical references and index. 327 $aCover -- Title Page -- Copyright Page -- Contents -- Chapter 1 Introduction -- 1.1 Engineering uses of computer models -- 1.1.1 Mission statement -- 1.2 The subject matter -- 1.3 Mathematical material -- 1.4 Some remarks -- Bibliography -- Chapter 2 From Computer Hardware to Software -- 2.1 Introduction -- 2.2 Computing machines -- 2.2.1 The software interface -- 2.3 Computer programming -- 2.3.1 Algebraic expressions -- 2.3.2 Math functions -- 2.3.3 Computation loops -- 2.3.4 Decision making -- 2.3.5 Graphics -- 2.3.6 User defined functions -- 2.4 State transition machines -- 2.4.1 A binary signal generator -- 2.4.2 Operational control of an industrial plant -- 2.5 Difference engines -- 2.5.1 Difference equation to calculate compound interest -- 2.6 Iterative programming -- 2.6.1 Inverse functions -- 2.7 Digital simulation of differential equations -- 2.7.1 Rectangular integration -- 2.7.2 Trapezoidal integration -- 2.7.3 Second-order integration -- 2.7.4 An Example -- 2.8 Discussion -- Exercises -- References -- Chapter 3 Creative thinking and scientific theories -- 3.1 Introduction -- 3.2 The dawn of astronomy -- 3.3 The renaissance -- 3.3.1 Galileo -- 3.3.2 Newton -- 3.4 Electromagnetism -- 3.4.1 Magnetic fields -- 3.4.2 Electromagnetic induction -- 3.4.3 Electromagnetic radiation -- 3.5 Aerodynamics -- 3.5.1 Vector flow fields -- 3.6 Discussion -- References -- Chapter 4 Calculus and the computer -- 4.1 Introduction -- 4.2 Mathematical solution of differential equations -- 4.3 From physical analogs to analog computers -- 4.4 Picard's method for solving a nonlinear differential equation -- 4.4.1 Mechanization of Picard's method -- 4.4.2 Feedback model of the differential equation -- 4.4.3 Approximate solution by Taylor series -- 4.5 Exponential functions and linear differential equations. 327 $a4.5.1 Taylor series to approximate exponential functions -- 4.6 Sinusoidal functions and phasors -- 4.6.1 Taylor series to approximate sinusoids -- 4.7 Bessel's equation -- 4.8 Discussion -- Exercises -- Bibliography -- Chapter 5 Science and computer models -- 5.1 Introduction -- 5.2 A planetary orbit around a stationary Sun -- 5.2.1 An analytic solution for planetary orbits -- 5.2.2 A difference equation to model planetary orbits -- 5.3 Simulation of a swinging pendulum -- 5.3.1 A graphical construction to show the motion of a pendulum -- 5.3.2 Truncation and roundoff errors -- 5.4 Lagrange's equations of motion -- 5.4.1 A double pendulum -- 5.4.2 A few comments -- 5.4.3 Modes of motion of a double pendulum -- 5.4.4 Structural vibrations in an aircraft -- 5.5 Discussion -- Exercises -- Bibliography -- Chapter 6 Flight simulators -- 6.1 Introduction -- 6.2 The motion of an aircraft -- 6.2.1 The equations of motion -- 6.3 Short period pitching motion -- 6.3.1 Case study of short period pitching motion -- 6.3.2 State equations of short period pitching -- 6.3.3 Transfer functions of short period pitching -- 6.3.4 Frequency response of short period pitching -- 6.4 Phugoid motion -- 6.5 User interfaces -- 6.6 Discussion -- Exercises -- Bibliography -- Chapter 7 Finite element models and the diffusion of heat -- 7.1 Introduction -- 7.2 A thermal model -- 7.2.1 A finite element model based on an electrical ladder network -- 7.2.2 Free settling from an initial temperature profile -- 7.2.3 Step response test -- 7.2.4 State space model of diffusion -- 7.3 A practical application -- 7.4 Two-dimensional steady-state model -- 7.5 Discussion -- Exercises -- Bibliography -- Chapter 8 Wave equations -- 8.1 Introduction -- 8.2 Energy storage mechanisms -- 8.2.1 Partial differential equation describing propagation in a transmission line. 327 $a8.3 A finite element model of a transmission line -- 8.4 State space model of a standing wave in a vibrating system -- 8.4.1 State space model of a multiple compound pendulum -- 8.5 A two-dimensional electromagnetic field -- 8.6 A two-dimensional potential flow model -- 8.7 Discussion -- Exercises -- Bibliography -- Chapter 9 Uncertainty and softer science -- 9.1 Introduction -- 9.2 Empirical and ``black box´´ models -- 9.2.1 An imperfect model of a simple physical object -- 9.2.2 Finite impulse response models -- 9.3 Randomness within computer models -- 9.3.1 Random number generators and data analysis -- 9.3.2 Statistical estimation and the method of least squares -- 9.3.3 A state estimator -- 9.3.4 A velocity estimator -- 9.3.5 An FIR filter -- 9.4 Economic, Geo-, Bio-, and other sciences -- 9.4.1 A pricing strategy -- 9.4.2 The productivity of money -- 9.4.3 Comments on business models -- 9.5 Digital images -- 9.5.1 An image processor -- 9.6 Discussion -- Exercises -- Bibliography -- Chapter 10 Computer models in a development project -- 10.1 Introduction -- 10.1.1 The scope of this chapter -- 10.2 A motor drive model -- 10.2.1 A conceptual model -- 10.2.2 The motor drive parameters -- 10.2.3 Creating the simulation model -- 10.2.4 The electrical and mechanical subsystems -- 10.2.5 System integration -- 10.2.6 Configuration management -- 10.3 The definition phase -- 10.3.1 Selection of the motor -- 10.3.2 Simulation of load disturbances -- 10.4 The design phase -- 10.4.1 Calculation of frequency response -- 10.4.2 The current control loop -- 10.4.3 Design review and further actions -- 10.4.4 Rate feedback -- 10.5 A setback to the project -- 10.5.1 Elastic coupling between motor and load -- 10.6 Discussion -- Exercises -- Bibliography -- Chapter 11 Postscript -- 11.1 Looking back -- 11.2 The operation f a imulation faciity.-- 11.3 Looking forward -- Bibliography -- Appendix A Frequency response methods -- Appendix B Vector analysis -- Appendix C Scalar and vector fields -- Appendix D Probability and statistical models -- Index -- EULA. 330 $a"The subject of computer modeling evolved from analog computing, which gained its majority in the mid twentieth century and was then superseded by digital simulation. In the next five years computer models will serve as the engine that simulates virtual reality within a user interface that exploits the products of the computer games industry. The future may include the increasing use of 3D displays with animation, and computer inputs that come from the user via 3D digital cameras"--$cProvided by publisher. 606 $aPhysics$xData processing 606 $aEngineering$xData processing 606 $aEconomics$xData processing 615 0$aPhysics$xData processing. 615 0$aEngineering$xData processing. 615 0$aEconomics$xData processing. 676 $a294.33653 700 $aRubin$b Olis$01665297 801 0$bMiAaPQ 801 1$bMiAaPQ 801 2$bMiAaPQ 906 $aBOOK 912 $a9910830204103321 996 $aComputer models of process dynamics$94082567 997 $aUNINA